[Event "North American op 32nd"]
[Site "Las Vegas"]
[Date "2022.12.27"]
[Round "3"]
[White "Li, Hanxiang"]
[Black "Matviishen, Viktor"]
[Result "0-1"]
[WhiteElo "2185"]
[BlackElo "2527"]
[PlyCount "126"]
[EventDate "2022.12.26"]
[EventType "swiss"]
[EventRounds "9"]
[EventCountry "USA"]
[SourceTitle "CBM 211 Extra"]
[Source "ChessBase"]
[SourceDate "2023.01.31"]
[SourceVersion "1"]
[SourceVersionDate "2023.01.31"]
[SourceQuality "1"]

1. Nf3 Nf6 2. g3 d5 3. Bg2 c6 4. 0-0 Bf5 5. d3 e6 6. c4 Nbd7 7. Nc3 Be7 8. cxd5 cxd5 9. Re1 Bg4 10. h3 Bxf3 11. Bxf3 0-0 12. Bg2 Rc8 13. e4 d4 14. Nb5 Qb6 15. a4 Ne5 16. f4 Nc6 17. Bd2 Nb4 18. Bxb4 Bxb4 19. Re2 e5 20. Rf2 Rc5 21. Qb3 Ba5 22. Qa3 a6 23. b4 Bxb4 24. Qxb4 axb5 25. Rb1 Nh5 26. Kh2 Rfc8 27. fxe5 Rxe5 28. axb5 h6 29. Bf3 Nf6 30. Rd2 Rc3 31. Rbb2 Ne8 32. Rbc2 Rxc2 33. Rxc2 Nd6 34. Qa3 Rxb5 35. Qa8+ Kh7 36. Qf8 Re5 37. Qb8 Rc5 38. Rxc5 Qxc5 39. Bg2 b5 40. Qa8 b4 41. Qa4 g6 42. h4 Kg7 43. Bh3 Qb5 44. Qb3 Nb7 45. e5 Na5 46. Qb2 Qc5 47. e6 b3 48. Kg1 fxe6 49. Bxe6 Qc3 50. Qe2 Qc1+ 51. Kf2 Qc2 52. Ke1 Qxe2+ 53. Kxe2 Kf6 54. Bg8 b2 55. Ba2 Nc6 56. Kf3 Nb4 57. Bb1 Nd5 58. Bc2 Ke5 59. Bb1 Nc3 60. Bc2 b1Q 61. Bxb1 Nxb1 62. Kg4 Nd2 63. h5 g5 0-1

[Event "Hollywood Classic-B 2nd"]
[Site "Los Angeles"]
[Date "2022.07.27"]
[Round "6"]
[White "Li, Hanxiang"]
[Black "Grabinsky, Aaron"]
[Result "1/2-1/2"]
[WhiteElo "2149"]
[BlackElo "2399"]
[PlyCount "157"]
[EventDate "2022.07.25"]
[EventType "tourn"]
[EventRounds "9"]
[EventCountry "USA"]
[EventCategory "2"]
[SourceTitle "EXT 2024"]
[Source "ChessBase"]
[SourceDate "2023.10.10"]
[SourceVersion "1"]
[SourceVersionDate "2023.10.10"]
[SourceQuality "1"]

1. d4 e6 2. c4 Nf6 3. Nf3 b6 4. g3 Bb7 5. Bg2 Be7 6. 0-0 0-0 7. Nc3 Ne4 8. Bd2 c5 9. Rc1 d6 10. d5 exd5 11. cxd5 Nxd2 12. Nxd2 Nd7 13. Nc4 Ba6 14. Ne3 Re8 15. Qa4 Bb7 16. h4 a6 17. Qc2 b5 18. a4 Qb6 19. b3 Bf8 20. Ne4 Qd8 21. Qd2 g6 22. Kh1 Qe7 23. Nc3 b4 24. Ncd1 f5 25. Re1 Bh6 26. f4 Nf6 27. Rc4 a5 28. Kg1 Ba6 29. Rc1 Nh5 30. Nf1 Ra7 31. Nb2 Bg7 32. Nc4 Bxc4 33. Rxc4 Bc3 34. Rxc3 bxc3 35. Qxc3 Nf6 36. e3 Ne4 37. Qc2 Rb7 38. Rd1 Rb4 39. Rd3 Reb8 40. Bxe4 Rxe4 41. Kf2 Reb4 42. Nd2 Qb7 43. Qc3 c4 44. bxc4 Qg7 45. c5 Qxc3 46. Rxc3 dxc5 47. Rxc5 Rxa4 48. Ke2 Ra2 49. Kd3 Ra8 50. d6 Kf7 51. Nc4 Ra1 52. Kc2 Rg1 53. Rc7+ Ke6 54. Re7+ Kd5 55. d7 Rd8 56. Re8 Rxd7 57. Nb6+ Kc6 58. Nxd7 Kxd7 59. Rh8 h5 60. Ra8 Rxg3 61. Kd3 Rg4 62. Rxa5 Rxh4 63. Ra6 Rg4 64. Ke2 Ke7 65. Kf3 Kf7 66. Ra7+ Kg8 67. Rb7 h4 68. Ra7 Rg1 69. Kf2 Rh1 70. Kg2 Re1 71. Kh3 Rxe3+ 72. Kxh4 Kf8 73. Kg5 Rg3+ 74. Kf6 Ke8 75. Rg7 Rg4 76. Rxg6 Rxf4 77. Rg5 Kd7 78. Rxf5 Rxf5+ 79. Kxf5 1/2-1/2

[Event "Philadelphia int op 14th"]
[Site "Philadelphia"]
[Date "2021.06.28"]
[Round "6"]
[White "Jacobson, Brandon"]
[Black "Li, Hanxiang"]
[Result "1/2-1/2"]
[WhiteElo "2491"]
[BlackElo "2118"]
[PlyCount "105"]
[EventDate "2021.06.26"]
[EventType "swiss"]
[EventRounds "9"]
[EventCountry "USA"]
[SourceTitle "CBM 203 Extra"]
[Source "ChessBase"]
[SourceDate "2021.09.30"]
[SourceVersion "1"]
[SourceVersionDate "2021.09.30"]
[SourceQuality "1"]

1. Nf3 Nf6 2. c4 e6 3. Nc3 Bb4 4. Qc2 Bxc3 5. Qxc3 d6 6. e3 e5 7. Be2 Bg4 8. d3 0-0 9. h3 Be6 10. b3 c5 11. Bb2 Nc6 12. 0-0 h6 13. a3 a5 14. Qc2 Rc8 15. Rad1 Bf5 16. Qb1 Re8 17. Qa1 Bh7 18. Rfe1 Rc7 19. Bf1 Rce7 20. Qc1 Qb6 21. Nd2 Bg6 22. Qc2 Kh7 23. Be2 Kg8 24. Rc1 Qd8 25. Nb1 Re6 26. Bf3 Bh5 27. Bxh5 Nxh5 28. Nc3 Rg6 29. Qd1 Qg5 30. Qf3 f5 31. Nb5 Kh7 32. Kh1 f4 33. Nc3 fxe3 34. Ne4 Qh4 35. fxe3 Ng3+ 36. Nxg3 Qxg3 37. Qe4 Qf2 38. Bc3 Rf8 39. Rb1 Qc2 40. Rec1 Qe2 41. Rb2 Qh5 42. b4 axb4 43. axb4 Ne7 44. Kh2 b6 45. bxc5 bxc5 46. Rg1 Qg5 47. g4 Ng8 48. Rbg2 Nf6 49. Qf3 Nd7 50. Qg3 Qf6 51. Rb1 Qf3 52. Ra2 h5 53. Rg2 1/2-1/2